Использование минерально-сырьевых ресурсов (на примере Средней Азии)

Бібліографічні деталі
Автор: Ишмухамедов А. Э. Анвар Эгамкулович
Мова:Російська
Опубліковано: Ташкент, Узбекистан, 1977
Предмети:
Формат: Книга
KOHA link:https://koha.lib.tpu.ru/cgi-bin/koha/opac-detail.pl?biblionumber=106926

MARC

LEADER 00000nam0a2200000 4500
001 106926
005 20231031115100.0
035 |a (RuTPU)RU\TPU\book\115465 
090 |a 106926 
100 |a 20061215d1977 km y0rusy50 ca 
101 0 |a rus 
102 |a UZ 
105 |a y z 001zy 
200 1 |a Использование минерально-сырьевых ресурсов (на примере Средней Азии)  |f А. Э. Ишмухамедов 
210 |a Ташкент  |c Узбекистан  |d 1977 
215 |a 168 с. 
320 |a Библиогр.: с. 164-165. 
610 1 |a геология 
610 1 |a минерально-сырьевые ресурсы 
610 1 |a Средняя Азия 
610 1 |a использование 
610 1 |a минерально-сырьевой комплекс 
675 |a 553  |v 3 
700 1 |a Ишмухамедов  |b А. Э.  |g Анвар Эгамкулович 
801 1 |a RU  |b 63413507  |c 20061215  |g PSBO 
801 2 |a RU  |b 63413507  |c 20070226  |g PSBO 
942 |c BK